<?xml version="1.0" encoding="UTF-8"?>
<collection xmlns="http://www.loc.gov/MARC21/slim">
<record>
  <controlfield tag="001">108332</controlfield>
  <controlfield tag="005">20230914083305.0</controlfield>
  <datafield tag="024" ind1="7" ind2=" ">
    <subfield code="2">doi</subfield>
    <subfield code="a">10.1021/acscatal.0c03295</subfield>
  </datafield>
  <datafield tag="024" ind1="8" ind2=" ">
    <subfield code="2">sideral</subfield>
    <subfield code="a">122230</subfield>
  </datafield>
  <datafield tag="037" ind1=" " ind2=" ">
    <subfield code="a">ART-2020-122230</subfield>
  </datafield>
  <datafield tag="041" ind1=" " ind2=" ">
    <subfield code="a">eng</subfield>
  </datafield>
  <datafield tag="100" ind1=" " ind2=" ">
    <subfield code="a">Sánchez-Page, B.</subfield>
    <subfield code="0">(orcid)0000-0001-6675-7450</subfield>
  </datafield>
  <datafield tag="245" ind1=" " ind2=" ">
    <subfield code="a">ß-(Z) Selectivity Control by Cyclometalated Rhodium(III)-Triazolylidene Homogeneous and Heterogeneous Terminal Alkyne Hydrosilylation Catalysts</subfield>
  </datafield>
  <datafield tag="260" ind1=" " ind2=" ">
    <subfield code="c">2020</subfield>
  </datafield>
  <datafield tag="506" ind1="0" ind2=" ">
    <subfield code="a">Access copy available to the general public</subfield>
    <subfield code="f">Unrestricted</subfield>
  </datafield>
  <datafield tag="520" ind1="3" ind2=" ">
    <subfield code="a">The cyclometalated Rh(III)-NHC compounds [Cp*RhI(C, C')-Triaz] (Triaz = 1, 4-diphenyl-3-methyl-1, 2, 3-triazol-5-ylidene) and [Cp*RhI(C, C')-Im] (Im = 1-phenyl-3-methyl-imidazol-2-ylidene) are efficient catalysts for the hydrosilylation of terminal alkynes with complete regio- and stereoselectivity toward the thermodynamically less stable ß-(Z)-vinylsilane isomer at room temperature in chloroform or acetone. Catalyst [Cp*RhI(C, C')-Triaz] shows a superior catalytic performance in terms of activity and has been applied to the hydrosilylation of a range of linear 1-alkynes and phenylacetylene derivatives with diverse hydrosilanes, including HSiMePh2, HSiMe2Ph, HSiEt3, and the bulkier heptamethylhydrotrisiloxane (HMTS), to afford the corresponding ß-(Z)-vinylsilanes in quantitative yields. The graphene-based hybrid material TRGO-Triaz-Rh(III), featuring cyclometalated [Cp*RhI(C, C')-Triaz] (Triaz = 1, 4-diphenyl-3-methyl-1, 2, 3-triazol-5-ylidene) rhodium(III) complexes covalently immobilized through the triazolylidene linker, has been prepared by metalation of the trimethylsilyl-protected 3-methyl-4-phenyl-1, 2, 3-triazolium iodide functionalized graphene oxide material, TRGO-Triaz, with [Cp*RhCl2]2 using sodium tert-butoxide as base. The coordination sphere of the supported rhodium(III) complexes has been determined by means of XPS and extended X-ray absorption fine structure (EXAFS) spectroscopy, showing the replacement of the iodido ligand by O-functionalities on the carbon wall. In sharp contrast with the homogeneous catalyst, the heterogeneous hybrid catalyst TRGO-Triaz-Rh(III) is not active at room temperature although it shows an excellent catalytic performance at 60 °C. In addition, the hybrid catalyst TRGO-Triaz-Rh(III) has shown an excellent recyclability, allowing at least six catalytic runs in the hydrosilylation of oct-1-yne with HSiMePh2 in acetone with complete selectivity to the ß-(Z)-vinylsilane product. The reaction mechanism for the molecular catalyst [Cp*RhI(C, C')-Triaz] has been explored by means of DFT calculations, pointing to a metal-ligand bifunctional mechanism involving reversible cyclometalation that is competitive with a noncooperative pathway. The proposed mechanism entails the Rh-CAr assisted hydrosilane activation to afford a reactive Rh-silyl intermediate that leads to a (E)-silylvinylene intermediate after alkyne insertion and a metallacyclopropene-driven isomerization. The release of the ß-(Z)-vinylsilane product can occur by a reversible cyclometalation mechanism involving s-CAM with the CAr-H bond or, alternatively, the Si-H bond of an external hydrosilane. The energy barrier for the latter is 1.2 kcal·mol-1 lower than that of the CAr-H bond, which results in a small energy span difference that makes both pathways competitive under catalytic conditions.</subfield>
  </datafield>
  <datafield tag="536" ind1=" " ind2=" ">
    <subfield code="9">info:eu-repo/grantAgreement/ES/DGA-FSE/E12-20R</subfield>
    <subfield code="9">info:eu-repo/grantAgreement/ES/DGA-FSE/E42-20R</subfield>
    <subfield code="9">info:eu-repo/grantAgreement/ES/MICINN-FEDER/CTQ2016-75884-P</subfield>
    <subfield code="9">info:eu-repo/grantAgreement/ES/MICINN-FEDER/PID2019-103965GB-I00</subfield>
    <subfield code="9">info:eu-repo/grantAgreement/ES/MICINN-FEDER/RTI2018-098537-B-C22</subfield>
  </datafield>
  <datafield tag="540" ind1=" " ind2=" ">
    <subfield code="9">info:eu-repo/semantics/openAccess</subfield>
    <subfield code="a">by</subfield>
    <subfield code="u">http://creativecommons.org/licenses/by/3.0/es/</subfield>
  </datafield>
  <datafield tag="590" ind1=" " ind2=" ">
    <subfield code="a">13.084</subfield>
    <subfield code="b">2020</subfield>
  </datafield>
  <datafield tag="591" ind1=" " ind2=" ">
    <subfield code="a">CHEMISTRY, PHYSICAL</subfield>
    <subfield code="b">15 / 162 = 0.093</subfield>
    <subfield code="c">2020</subfield>
    <subfield code="d">Q1</subfield>
    <subfield code="e">T1</subfield>
  </datafield>
  <datafield tag="592" ind1=" " ind2=" ">
    <subfield code="a">4.897</subfield>
    <subfield code="b">2020</subfield>
  </datafield>
  <datafield tag="593" ind1=" " ind2=" ">
    <subfield code="a">Chemistry (miscellaneous)</subfield>
    <subfield code="c">2020</subfield>
    <subfield code="d">Q1</subfield>
  </datafield>
  <datafield tag="593" ind1=" " ind2=" ">
    <subfield code="a">Catalysis</subfield>
    <subfield code="c">2020</subfield>
    <subfield code="d">Q1</subfield>
  </datafield>
  <datafield tag="655" ind1=" " ind2="4">
    <subfield code="a">info:eu-repo/semantics/article</subfield>
    <subfield code="v">info:eu-repo/semantics/acceptedVersion</subfield>
  </datafield>
  <datafield tag="700" ind1=" " ind2=" ">
    <subfield code="a">Munarriz, J.</subfield>
    <subfield code="0">(orcid)0000-0001-6089-6126</subfield>
  </datafield>
  <datafield tag="700" ind1=" " ind2=" ">
    <subfield code="a">Jiménez, M.V.</subfield>
    <subfield code="u">Universidad de Zaragoza</subfield>
    <subfield code="0">(orcid)0000-0002-0545-9107</subfield>
  </datafield>
  <datafield tag="700" ind1=" " ind2=" ">
    <subfield code="a">Pérez-Torrente, J.J.</subfield>
    <subfield code="u">Universidad de Zaragoza</subfield>
    <subfield code="0">(orcid)0000-0002-3327-0918</subfield>
  </datafield>
  <datafield tag="700" ind1=" " ind2=" ">
    <subfield code="a">Blasco, J.</subfield>
    <subfield code="u">Universidad de Zaragoza</subfield>
    <subfield code="0">(orcid)0000-0002-9706-3272</subfield>
  </datafield>
  <datafield tag="700" ind1=" " ind2=" ">
    <subfield code="a">Subias, G.</subfield>
  </datafield>
  <datafield tag="700" ind1=" " ind2=" ">
    <subfield code="a">Passarelli, V.</subfield>
    <subfield code="u">Universidad de Zaragoza</subfield>
    <subfield code="0">(orcid)0000-0002-1735-6439</subfield>
  </datafield>
  <datafield tag="700" ind1=" " ind2=" ">
    <subfield code="a">Álvarez, P.</subfield>
  </datafield>
  <datafield tag="710" ind1="2" ind2=" ">
    <subfield code="1">2010</subfield>
    <subfield code="2">760</subfield>
    <subfield code="a">Universidad de Zaragoza</subfield>
    <subfield code="b">Dpto. Química Inorgánica</subfield>
    <subfield code="c">Área Química Inorgánica</subfield>
  </datafield>
  <datafield tag="710" ind1="2" ind2=" ">
    <subfield code="1">2003</subfield>
    <subfield code="2">395</subfield>
    <subfield code="a">Universidad de Zaragoza</subfield>
    <subfield code="b">Dpto. Física Materia Condensa.</subfield>
    <subfield code="c">Área Física Materia Condensada</subfield>
  </datafield>
  <datafield tag="773" ind1=" " ind2=" ">
    <subfield code="g">10, 22 (2020), 13334-13351</subfield>
    <subfield code="p">ACS catal.</subfield>
    <subfield code="t">ACS CATALYSIS</subfield>
    <subfield code="x">2155-5435</subfield>
  </datafield>
  <datafield tag="856" ind1="4" ind2=" ">
    <subfield code="s">2473306</subfield>
    <subfield code="u">http://zaguan.unizar.es/record/108332/files/texto_completo.pdf</subfield>
    <subfield code="y">Postprint</subfield>
  </datafield>
  <datafield tag="856" ind1="4" ind2=" ">
    <subfield code="s">1275924</subfield>
    <subfield code="u">http://zaguan.unizar.es/record/108332/files/texto_completo.jpg?subformat=icon</subfield>
    <subfield code="x">icon</subfield>
    <subfield code="y">Postprint</subfield>
  </datafield>
  <datafield tag="909" ind1="C" ind2="O">
    <subfield code="o">oai:zaguan.unizar.es:108332</subfield>
    <subfield code="p">articulos</subfield>
    <subfield code="p">driver</subfield>
  </datafield>
  <datafield tag="951" ind1=" " ind2=" ">
    <subfield code="a">2023-09-13-10:55:48</subfield>
  </datafield>
  <datafield tag="980" ind1=" " ind2=" ">
    <subfield code="a">ARTICLE</subfield>
  </datafield>
</record>
</collection>